Jamuan Perpisahan Y.Bhg. Dato' KPP & Datin di PERMATA oleh Kakitangan INSPEN pada 17/5/96 [video recording]

Bibliographic Details
Format: Book
Published: Bangi : Inspen , 2006
Subjects:

MARC

LEADER 00000cam a2200000 7i4500
001 0000004732
005 20061205.0
040 |a INS 
090 0 0 |a BF575 1996 
245 0 0 |a Jamuan Perpisahan Y.Bhg. Dato' KPP & Datin di PERMATA oleh Kakitangan INSPEN pada 17/5/96 [video recording] 
260 |a Bangi :   |b Inspen ,   |c 2006 
300 |a 1video cassette(VHS)(0:50) :   |b sd.,col.1/2in 
650 0 0 |a Farewells 
999 |a VHS635   |b VIDEO   |c Media Collection   |e Default branch